| 000 | 00430nam a2200133Ia 4500 | ||
|---|---|---|---|
| 005 | 20210429153913.0 | ||
| 008 | 210429s9999 xx 000 0 und d | ||
| 082 | _aMTL-MS SA/AM 2011 | ||
| 100 |
_aShahid Ameer _954770 |
||
| 245 | _aDielectric Properties of Rare Earth Disilicates R2 Si2 07 (R-Dy,Ho,Er) Materials and Surface Engineering | ||
| 260 |
_aNUST (SCME) _bDr Asghari Maqsood _c2011 |
||
| 300 | _ap 80 | ||
| 942 |
_2ddc _cREF |
||
| 999 |
_c561108 _d561108 |
||